Catalog

Record Details

Catalog Search



Kolik nás stojí bezplatné vzdělání?  Cover Image Book Book

Kolik nás stojí bezplatné vzdělání? / Libor Svoboda

Svoboda, Libor (Author).

Record details

  • ISBN: 80-211-0311-6
  • Physical Description: 49 s.
  • Publisher: Praha Ústav pro informace ve vzdělávání 1999

Available copies

  • 1 of 1 copy available at Common Catalog SPOK.

Holds

  • 0 current holds with 1 total copy.
Show Only Available Copies
Location Call Number / Copy Notes Barcode Shelving Location Status Due Date
ETS Library 370 424470010793 Volný výběr Available -

LDR 00665nam a2 00241
00139898
003CZ-PrJAB
00520070205000000.0
008070205s1999 xr e |||| |cze
009cz
020 . ‡a80-211-0311-6
035 . ‡a(CONS)4978
035 . ‡aKPS12462
040 . ‡aABG450
041 . ‡acze
08214. ‡a370
100 . ‡76377 ‡aSvoboda, Libor
245 . ‡aKolik nás stojí bezplatné vzdělání? / ‡cLibor Svoboda
260 . ‡aPraha ‡bÚstav pro informace ve vzdělávání ‡c1999
300 . ‡a49 s.
653 . ‡aKolik nás stojí bezplatné vzdělání?
8524 . ‡bETS ‡bETS ‡cVolný výběr ‡j370 ‡gA ‡p424470010793
910 . ‡aABG450
999 . ‡a4978 ‡bAUTOGEN ‡c4978 ‡tbiblio
905 . ‡uadmin
901 . ‡a39898 ‡b ‡c39898 ‡tbiblio ‡sets

Additional Resources